Clash Royale Buildings - Statistics

General Stats
  • This quiz has been taken 253 times
    221 since last reset
  • The average score is 10 of 13
Answer Stats
Elixir Cards % Correct
4 Tesla
95%
3 Cannon
94%
5 Inferno Tower
94%
5 Goblin Hut
93%
6 Barbarian Hut
91%
4 Mortar
88%
6 X-bow
84%
4 Bomb Tower
82%
3 Tombstone
81%
4 Goblin Cage
71%
6 Elixir Collector
57%
4 Furnace
57%
4 Goblin Drill
48%
No matching quizzes found
Score Distribution
Percent of People with Each Score
Percentile by Number Answered
Your Score History
You have not taken this quiz since the last reset